Staffs and Shrops (Record no. 77181)

MARC details
000 -LEADER
fixed length control field 00802cab a2200229 4500
001 - CONTROL NUMBER
control field ##L133735
008 - FIXED-LENGTH DATA ELEMENTS--GENERAL INFORMATION
fixed length control field 060606n2006 000 0 eng u
035 ## - SYSTEM CONTROL NUMBER
System control number (Sirsi) u133735
041 0# - LANGUAGE CODE
Language code of text/sound track or separate title eng
100 1# - MAIN ENTRY--PERSONAL NAME
Personal name McAllister, Sean
245 00 - TITLE STATEMENT
Title Staffs and Shrops
Remainder of title regional
260 ## - PUBLICATION, DISTRIBUTION, ETC.
Date of publication, distribution, etc. 2006
490 #0 - SERIES STATEMENT
Series statement Property Week
Volume/sequential designation 71(22) 2 June 2006, 105-119(6)
520 ## - SUMMARY, ETC.
Summary, etc. Looks at plans for a central business district in Stoke-on-Trent; conflict between a developer and Telford council that may threaten the town's development; and a massive new industrial development in Staffordshire.
590 ## - LOCAL NOTE (RLIN)
Local note IKA200606
651 #4 - SUBJECT ADDED ENTRY--GEOGRAPHIC NAME
Geographic name STAFFORDSHIRE
651 #4 - SUBJECT ADDED ENTRY--GEOGRAPHIC NAME
Geographic name SHROPSHIRE
651 #4 - SUBJECT ADDED ENTRY--GEOGRAPHIC NAME
Geographic name STOKE-ON-TRENT
651 #4 - SUBJECT ADDED ENTRY--GEOGRAPHIC NAME
Geographic name TELFORD
690 ## - LOCAL SUBJECT ADDED ENTRY--TOPICAL TERM (OCLC, RLIN)
Topical term or geographic name as entry element PROPERTY-COMMERCIAL PROPERTY-COMMERCIAL PROPERTY MARKET
942 ## - ADDED ENTRY ELEMENTS (KOHA)
Suppress in OPAC 0
Holdings
Withdrawn status Lost status Source of classification or shelving scheme Damaged status Not for loan Home library Current library Shelving location Date acquired Total Checkouts Full call number Barcode Date last seen Copy number Price effective from Koha item type
    Dewey Decimal Classification     London London Journal article 06/06/2006   L133735 133735-1001 06/08/2019 1 06/08/2019 Journal article